000 00412cam a2200169ua 4500
001 3635
008 131204n1987 II |||gr||||Z||||||eng
040 _aMAIN
041 _aEnglish
082 _a910.1312 GHO
100 _aGHOSH, B. N.
245 _aFUNDAMENTALS OF POPULATION GEOGRAPHY
260 _aNEW YORK
_bJOHN WILLEY & SONS
_c1987
300 _a252:
_c20CM.
653 _aPopulation Geography
942 _cBK
999 _c3623
_d3623